000 01090nam0a22002531 4500
001 rc\2359630
005 20260407130437.0
035 _a(NLR Aleph) 006478139
090 _a6005364
_c6005364
100 _a20110829d1977 |||y0rusy50 ca
101 0 _arus
102 _aRU
105 _aa z |||||
200 1 _aУстройство автоматизированного контроля и самоконтроля знаний "ЛУМКП"
_e(Метод. рекомендации)
_fЛенингр. отд-ние пед. о-ва. Обществ. ин-т техн. средств обучения
210 _aЛенинград
_cБ. и.
_d1977
215 _a13 с.
_cил.
_d20
300 _aНа обороте тит. л. сост.: В.Л. Андреев
702 1 _aАндреев
_bВ.Л.
_4220
712 0 2 _aПедагогическое общество РСФСР
_bЛенинградское областное отделение
_3RU\NLR\AUTH\889977608
_9451938
801 0 _aRU
_bNLR
_gpsbo
801 1 _aRU
_bELAR
_2rusmarc
852 _aNLR
_j77-4/18866
942 _cBOOK
980 _aNB